Boyz n the hood /

Three young black men with different backgrounds struggle to survive the violence and bigotry of Los Angeles.

Bibliographic Details
Uniform Title:Boyz n the hood (Motion picture)
Corporate Authors: Columbia Pictures, Columbia TriStar Home Entertainment (Firm), Sony Pictures Home Entertainment (Firm)
Other Authors: Nicolaides, Steve, Singleton, John, 1968-2019, Ice Cube (Musician), Gooding, Cuba, Jr., 1968-, Chestnut, Morris, Long, Nia, Bassett, Angela, Fishburne, Laurence, III, 1961-
Format: Video Blu-ray Disc
Language:English
German
Spanish
French
Italian
Portuguese
Thai
Language Notes:English subtitles for the deaf and hard of hearing.
English, German, Spanish, French, Italian, Portuguese or Thai dialogue with optional Arabic, Danish, Dutch, English, Finnish, German, Hindi, Korean, Mandarin, Norwegian, Swedish, Turkish, Spanish, French, Italian, Portuguese or Thai subtitles.
Published: Culver City, Calif. : Columbia TriStar Home Entertainment : Sony Pictures Home Entertainment, [2011]
Subjects:

MARC

Tag First Indicator Second Indicator Subfields
LEADER 00000cgm a2200000Ia 4500
001 in00002865421
005 20200418064034.0
007 vd csaizq
008 110706s2011 cau112 e vleng d
024 1 |a 043396341944 
024 1 |a 043396383685 
028 4 2 |a 34194  |b Columbia TriStar Home Entertainment 
028 4 2 |a 38368  |b Columbia Pictures 
035 |a (OCoLC)ocn739120368 
035 |a (OCoLC)739120368 
037 |b Midwest Tape  |n http://www.midwesttapes.com 
040 |a TEFMT  |c TEFMT  |d TEF  |d OCLCA  |d UtOrBLW 
041 1 |a eng  |a ger  |a spa  |a fre  |a ita  |a por  |a tha  |j ara  |j dan  |j dut  |j eng  |j fin  |j ger  |j hin  |j kor  |j chi  |j nor  |j swe  |j tur  |j spa  |j fre  |j ita  |j por  |j tha  |h eng 
043 |a n-us-ca 
049 |a TXAM 
050 4 |a PN1997  |b .B6996 2011 
082 0 4 |a 791.43/72  |2 23 
090 |a PN1997  |b .B69 2011 
130 0 |a Boyz n the hood (Motion picture) 
245 1 0 |a Boyz n the hood /  |c Columbia Pictures presents ; produced by Steve Nicolaides ; written and directed by John Singleton. 
264 1 |a Culver City, Calif. :  |b Columbia TriStar Home Entertainment :  |b Sony Pictures Home Entertainment,  |c [2011] 
300 |a 1 videodisc (112 min.) :  |b sound, color ;  |c 4 3/4 in. 
336 |a two-dimensional moving image  |b tdi  |2 rdacontent 
337 |a video  |b v  |2 rdamedia 
338 |a videodisc  |b vd  |2 rdacarrier 
538 |a Blu-ray; all regions; 5.1 DTS-HD master audio (English), 5.1 Dobly digital (French, Portuguese, Spanish, Thai, German, Italian); widescreen (1.85:1), 1080p high definition; requires Blu-ray player. 
546 |a English subtitles for the deaf and hard of hearing. 
546 |a English, German, Spanish, French, Italian, Portuguese or Thai dialogue with optional Arabic, Danish, Dutch, English, Finnish, German, Hindi, Korean, Mandarin, Norwegian, Swedish, Turkish, Spanish, French, Italian, Portuguese or Thai subtitles. 
500 |a Title from container. 
511 1 |a Ice Cube, Cuba Gooding, Jr., Morris Chestnut, Nia Long, Angela Bassett, Laurence Fishburne. 
508 |a Director of photography, Charles Mills ; music, Stanley Clarke. 
500 |a Originally released as a motion picture in 1991. 
521 8 |a MPAA rating: R, for language, violence, and sensuality. 
521 8 |a CHV rating: 18A. 
520 |a Three young black men with different backgrounds struggle to survive the violence and bigotry of Los Angeles. 
500 |a Special features: Friendly fire (making of an urban legend) ; Commentary with director John Singleton ; Deleted scenes ; Audition videos featuring Ice Cube, Angela, Bassett, Morris Chestnut and Tyra Ferrell ; Compton's most wanted music video "Growin' up in the hood" ; Tevin Campbell music video "Just ask me to" ; The enduring significance of Boz n the hood (Blu-ray exlusive). 
500 |a Videorecording. 
650 0 |a African American teenage boys  |z California  |z Los Angeles. 
650 0 |a Violence  |z California  |z Los Angeles. 
650 0 |a Toleration  |z California  |z Los Angeles. 
655 7 |a Feature films.  |2 lcgft 
655 7 |a Fiction films.  |2 lcgft 
655 7 |a Video recordings for the hearing impaired.  |2 lcgft 
700 1 |a Nicolaides, Steve. 
700 1 |a Singleton, John,  |d 1968-2019. 
700 0 |a Ice Cube  |c (Musician) 
700 1 |a Gooding, Cuba,  |c Jr.,  |d 1968- 
700 1 |a Chestnut, Morris. 
700 1 |a Long, Nia. 
700 1 |a Bassett, Angela. 
700 1 |a Fishburne, Laurence,  |c III,  |d 1961- 
710 2 |a Columbia Pictures. 
710 2 |a Columbia TriStar Home Entertainment (Firm) 
710 2 |a Sony Pictures Home Entertainment (Firm) 
994 |a C0  |b TXA 
948 |a cataloged  |b h  |c 2013/4/8  |d c  |e blrosas  |f 1:46:09 pm 
999 |a MARS 
999 f f |s edef9d11-cfd6-3e67-a731-cb6ce9508c82  |i bcacf053-eb51-3a06-af6e-a3bb6dbea09e  |t 0 
952 f f |p bluray  |a Texas A&M University  |b College Station  |c Sterling C. Evans Library  |d Evans: Media and Reserves (Annex 1st floor)  |t 0  |e PN1997 .B69 2011  |h Library of Congress classification  |i video -- videodisc  |m A14841815427 
998 f f |a PN1997 .B69 2011  |t 0  |l Evans: Media and Reserves (Annex 1st floor)